000 00482nam a2200181Ia 4500
001 1813
005 20260306143756.0
008 260306t2013||||xx |||||||||||||| ||spa||
041 _aESP
082 _a155.5
_bE92
100 _aEstévez, Estefanía
_eAUT
245 0 _aLos problemas en la adolescencia:
_brespuestas y sugerencias para padres y profesionales
260 _c2013
300 _a276 páginas :
_c23 cm.
650 _aGEN
654 _aCPS
942 _cLIB
_dJUS
_fJUS
_2ddc
_n
999 _c1813
_d1813